Сборник задач и примеров решений по электрическому приводу: учебное пособие для вузов

Bibliographische Detailangaben
1. Verfasser: Фролов Ю. М. Юрий Михайлович
Weitere Verfasser: Шелякин В. П. Валерий Петрович
Zusammenfassung:Учебное пособие представляет собой сборник задач, примеров их решения и анализа режимов работы электрического привода. К каждой теме приведены краткие теоретические сведения, относящиеся к рассматриваемым вопросам электропривода. Примеры решений иллюстрированы графиками и пояснениями, способствующими более глубокому усвоению теоретического материала курса «Электропривод» и приобретению навыков его практического применения. Данное пособие составлено в соответствии с программой курса «Электропривод» для студентов, обучающихся по направлению « Агроинженерия», профилю «Электроснабжение и автоматизация технологических процессов сельского хозяйства», а также может быть полезно для студентов электротехнических направлений, изучающих электрический привод.
Sprache:Russisch
Veröffentlicht: СПб., Лань, 2012
Schriftenreihe:Учебники для вузов. Специальная литература
Schlagworte:
Format: MixedMaterials Buch
KOHA link:https://koha.lib.tpu.ru/cgi-bin/koha/opac-detail.pl?biblionumber=192779

MARC

LEADER 00000nam0a2200000 4500
001 192779
005 20231101224435.0
010 |a 9785811411412 
035 |a (RuTPU)RU\TPU\book\210208 
090 |a 192779 
100 |a 20110309d2012 m y0rusy50 ca 
101 0 |a rus 
102 |a RU 
105 |a a j 001zy 
200 1 |a Сборник задач и примеров решений по электрическому приводу  |e учебное пособие для вузов  |f Ю. М. Фролов, В. П. Шелякин 
210 |a СПб.  |c Лань  |d 2012 
215 |a 368 с.  |c ил. 
225 1 |a Учебники для вузов. Специальная литература 
320 |a Библиогр.: с. 361-362. 
330 |a Учебное пособие представляет собой сборник задач, примеров их решения и анализа режимов работы электрического привода. К каждой теме приведены краткие теоретические сведения, относящиеся к рассматриваемым вопросам электропривода. Примеры решений иллюстрированы графиками и пояснениями, способствующими более глубокому усвоению теоретического материала курса «Электропривод» и приобретению навыков его практического применения. Данное пособие составлено в соответствии с программой курса «Электропривод» для студентов, обучающихся по направлению « Агроинженерия», профилю «Электроснабжение и автоматизация технологических процессов сельского хозяйства», а также может быть полезно для студентов электротехнических направлений, изучающих электрический привод. 
606 1 |a Электроприводы  |2 stltpush  |3 (RuTPU)RU\TPU\subj\20689  |9 45775 
610 1 |a механическая часть 
610 1 |a электроприводы постоянного тока 
610 1 |a электроприводы переменного тока 
610 1 |a динамические свойства 
610 1 |a мощность 
610 1 |a расчеты 
610 1 |a энергетические показатели 
610 1 |a задачи 
610 1 |a решения 
610 1 |a учебные пособия 
675 |a 62-83(076)  |v 3 
700 1 |a Фролов  |b Ю. М.  |g Юрий Михайлович 
701 1 |a Шелякин  |b В. П.  |g Валерий Петрович 
801 1 |a RU  |b 63413507  |c 20110309 
801 2 |a RU  |b 63413507  |c 20150528  |g RCR 
900 |a Электрический привод 
942 |c BK 
951 |l 8 
959 |a 29/20110303  |d 5  |e 0  |f АНЛ:1  |f ЧЗТЛ:1  |f УФ:3 
959 |a 7/20120127  |d 2  |e 700,04  |f ЧЗТЛ:1  |f АНЛ:1 
959 |a 72/20120511  |d 2  |e 700,04  |f ЧЗТЛ:1  |f АНЛ:1